000
00250nam a2200109Ia 4500
008
190216s9999||||xx |||||||||||||| ||und||
100
_a
Achutha Menon C
245
0
_a
Pradikshinam
260
_b
Current Books
650
_a
Essay Malayalam
942
_c
BK
999
_c
24590
_d
24590